000 00639nam a2200181Ia 4500
008 100920s9999 xx 000 0 und d
082 _b30579
_a891.43 थ 72
100 _aश्रीरजनीश.
245 _aमुल्ला नसरूद्दीन.
260 _bजीवन जागृती आन्दोलन प्रकाशन, बम्बई.
_c1972
300 _a192
_bसाधी
365 _b5
520 _aहिंदी.
630 _aमुल्ला नसरूद्दीन.
650 _aहिंदी.
730 _aमुल्ला नसरूद्दीन.
942 _cBOOK
999 _c686003
_d686000